000 00652nam a22002297a 4500
003 OSt
005 20260422023721.0
008 260422b |||||||| |||| 00| 0 eng d
020 _a981-412-658-6
040 _aDWC-Main lib.
_cOC
082 _27th Ed.
_aCirc. 515 Ar88c 2002
100 _aAnton, Howard
245 _aCalculus/
_cHoward Anton
260 _aN.Y. :
_bJohn Wiley & Sons, Inc.,
_cc2002.
300 _axxiv, 1,166 p. with various pagings ;
_c26 cm.
504 _aIncludes index.
650 _a1. Calculus.
700 _aBivens, Irl
700 _aDavis, Stephen
760 _b7th Ed.
942 _2ddc
_cBK-CIRC
_e7th Ed.
_hCirc.
_n0
999 _c9652
_d9652